Open Data Biblioteca Nacional de Portugal


República Portuguesa: Ministério da Cultura
Biblioteca Nacional de Portugal

Catálogo da BNP: acesso por Identificadores Unívocos
Registos Bibliográficos associados ao registo de autoridade

Etiqueta de registo: 00254nam 2200025 450
001 2230428
003 http://id.bnportugal.gov.pt/bib/catbnp/2230428
010 ## $a978-989-35981-7-7
021 ## $aPT$b554166/25
100 ## $a20251103d2025 m y0pory01030103ba
101 1# $apor$cspa
102 ## $aPT
105 ## $aa z 000yy
106 ## $ar
200 1# $a Um século rampa acima$e uma história popular e política do ciclismo$fRamon Usall$gtrad. João Santana da Silva, Nuno Domingos, Vasco Ramos
205 ## $a1ª ed
210 #9 $a[S.l.]$cFora de Jogo,$d2025
215 ## $a277, [2] p.$cil.$d19 cm
304 ## $aTít. orig.: Un siglo cuesta arriba. historia popular y política del ciclismo
675 ## $a796.61"19/20"(091)$vBN$zpor$31971151
675 ## $a796.61A/Z"19/20"$vBN$zpor$31971154
700 #1 $aUsall,$bRamon$31970878
702 #1 $aSilva,$bJoão Santana da$4730$31779017
702 #1 $95$aDomingos,$bNuno$4730$31970879
702 #1 $95$aRamos,$bVasco$4730$31970880
801 #0 $aPT$bBN$gRPC
856 41 $uhttp://rnod.bnportugal.gov.pt/ImagesBN/winlibimg.aspx?skey=&doc=2230428&img=214651&save=true
900 ## $aBIBNAC$d20251114
966 ## $lBN$mFGMON$sB.A. 12506 P.$x1
966 ## $lBN$mFGMON$sB.A. 12506 P.-D$x1
971 ## $cisantos$d20251103
973 ## $cacosta$d20251105
975 ## $e0$d20251114$viquintas

Etiqueta de registo: 00254nam 2200025 450
001 2283478
003 http://id.bnportugal.gov.pt/bib/catbnp/2283478
010 ## $a978-989-36616-1-1
021 ## $aPT$b560250/26
100 ## $a20260401d2026 m y0pory01030103ba
101 1# $apor$ceng
102 ## $aPT
105 ## $aa z 000yy
106 ## $ar
200 1# $aInvertendo a bossa do camelo$eJorge Dias, a sua mulher, o seu intérptrete e eu$fHarry G. West$gpref. Nuno Domingos$gtrad. Teresa Ribeiro Queiroz
205 ## $a1ª ed
210 #9 $a[S.l.]$cFora de Jogo,$d2026
215 ## $a105 p.$cil.$d19 cm
700 #1 $aWest,$bHarry G.$f1966-$31453945
702 #1 $95$aDomingos,$bNuno$4080$31970879
702 #1 $aQueiroz,$bTeresa Ribeiro$4730$31994554
801 #0 $aPT$bBN$gRPC
966 ## $lBN$mFGMON$x1
966 ## $lBN$mFGMON$x1
971 ## $corlando$d20260401

OpendataBNP@bnportugal.pt | Mais informação sobre acesso aos dados BNP